000 00731nam a2200229Ia 4500
005 20250507130113.0
008 008 250505s9999 xx 000 0 eng d
020 _a9781666921922
037 _aBound Volumes
040 _aEASL
_beng
_cEASL
041 _aeng
_2eng
084 _aX7243:89ZB.440a41, R3
_qEASL
100 _aBasu Deepak
_9754984
245 0 _aIndia and China: Retrospective Views on Development
260 _aUSA
_bLanham Lexington Books
_c2023
300 _a260pg
490 _vCEL
650 _aEconomic development-China; Economic development-India
_9754985
700 _aMiroshnik Victoria W.
_9754986
942 _cCR
_hX7243:89ZB.440a41, R3
999 _c1317790
_d1317790